000 00276nam a2200121Ia 4500
008 240109s9999 xx 000 0 und d
041 _aeng
100 _aEdward de Bono
245 _aSix Thinking Hats
260 _bPengnin Books.
300 _a177
650 _aManagement
999 _c1032277
_d1032277